Statistics for Bruce Campbell Filmography

Click here to take the quiz!

General Stats

  • This quiz has been taken 42 times
    (11 since last reset)
  • The average score is 23 of 183

Answer Stats

TypeYearName% Correct
Film2013Evil Dead
100%
Video Game2000Evil Dead: Hail to the King
100%
Video Game2022Evil Dead: The Game
100%
Film1981The Evil Dead
100%
Film1987Evil Dead II
90%
Film1992Army of Darkness
80%
Film2002Spider-Man
80%
Video Game2002Spider-Man
80%
Video Game2004Spider-Man 2
70%
Film2004Spider-Man 2
70%
Film2007Spider-Man 3
70%
Video Game2007Spider-Man 3
70%
TV Show2015-2018Ash vs Evil Dead
60%
Film2022Doctor Strange in the Multiverse of Madness
60%
Film2002Bubba Ho-Tep
50%
TV Show2007-2013Burn Notice
40%
Film2007My Name Is Bruce
40%
Film2011Cars 2
30%
Film1995Congo
30%
Film1990Darkman
30%
Film1988Maniac Cop
30%
Film1990Maniac Cop 2
30%
Film2005Man with the Screaming Brain
30%
Film2009Cloudy with a Chance of Meatballs
20%
Video Game2016Dead by Daylight
20%
TV Show2015Fargo
20%
Film1996Fargo
20%
Film2000Icebreaker
20%
Film2003Intolerable Cruelty
20%
Film1989Intruder
20%
Film1997McHale's Navy
20%
Film2013Oz the Great and Powerful
20%
Film1994The Hudsucker Proxy
20%
Film2004The Ladykillers
20%
Short Film1978Within the Woods
20%
TV Show1996-1999Xena: Warrior Princess
20%
Film202118 1/2
10%
Film2004A Community Speaks
10%
TV Film2005Alien Apocalypse
10%
Web Series2021A.P. Bio
10%
TV Show2021Archer
10%
Short Film1979Attack of the Helping Hand
10%
Film2021Black Friday
10%
Video Game1997Broken Helix
10%
TV Film2011Burn Notice: The Fall of Sam Axe
10%
Video Game2015Call of Duty: Advanced Warfare
10%
TV Show2002Charmed
10%
Short Film1982Cleveland Smith: Bounty Hunter
10%
Film2004Comic Book: The Movie
10%
Film1986Crimewave
10%
TV Show2003Duck Dodgers
10%
Film1989Easy Wheels
10%
Film1992Eddie Presley
10%
TV Show2007El Tigre: The Adventures of Manny Rivera
10%
Film1996Escape from L.A.
10%
Video Game2005Evil Dead: Regeneration
10%
Film2023Evil Dead Rising
10%
Short Documentary2002Fanalysis
10%
Film1999From Dusk Till Dawn 2: Texas Blood Money
10%
TV Show1995-1999Hercules: The Legendary Journeys
10%
Film1977It's Murder!
10%
TV Show1987Knots Landing
10%
TV Show1995Lois & Clark: The New Adventures of Superman
10%
Film1991Lunatics: A Love Story
10%
TV Show2003My Life as a Teenage Robot
10%
Video Game1998Pitfall 3D: Beyond the Jungle
10%
TV Show2018-2020Rapunzel's Tangled Adventure
10%
Documentary Series2019Ripley's Believe It or Not!
10%
Film2002Serving Sara
10%
Film2005Sky High
10%
Film1990Sundown: The Vampire in Retreat
10%
TV Show2006Super Robot Monkey Team Hyperforce Go!
10%
TV Film2002Terminal Invasion
10%
TV Show1993-1994The Adventures of Brisco County, Jr.
10%
Video Game2012The Amazing Spider-Man
10%
Film2006The Ant Bully
10%
TV Mini-Series2006The Ant Bully
10%
Film2012The Color of Time
10%
Film1989The Dead Next Door
10%
Film1995The Demolitionist
10%
Film2015The Escort
10%
Web Series2020-2021The Last Kids on Earth
10%
TV Show2001The Legend of Tarzan
10%
TV Show2014The Librarians
10%
TV Film1997The Love Bug
10%
Film2001The Majestic
10%
Film1992The Nutt House
10%
Film1995The Quick and the Dead
10%
TV Show2006-2009The Replacements
10%
Film2006The Woods
10%
TV Show1999The X-Files
10%
TV Show1998Timecop
10%
Film2000Timequest
10%
Film1992Waxwork II: Lost in Time
10%
TV Show20131600 Penn
0%
TV Film2021Adopted
0%
Short Film1974All the Worlds a Stooge
0%
TV Show1995American Gothic
0%
Film2007Aqua Teen Hunger Force Colon Movie Film for Theaters
0%
Video Game2011Army of Darkness: Defense
0%
TV Film1997Assault on Dome 4
0%
TV Show2001Beggars and Choosers
0%
Short Film2004Bench Pressly
0%
TV Show2008Best Week Ever
0%
TV Show2017Circle of Chaos
0%
Short Film1974Curse of the Werewolf
0%
Film2018Dark Ascension
0%
Short Film1973Day of Violence
0%
Short Film1973D-Day
0%
Theater2010Doubt, A Parable
0%
Film2003Drugs
0%
TV Show1996-1997Ellen
0%
Video Game2003Evil Dead: A Fistful of Boomstick
0%
TV Show1983Generations
0%
TV Show1982Generations
0%
Film1983Going Back
0%
TV Film1998Goldrush: A Real Life Alaskan Adventure
0%
Short Film1974Half-Wits' Holiday
0%
Film2002Hatred of a Minute
0%
Video Game2008Hellboy: The Science of Evil
0%
Film2017Highly Functional
0%
Short Film1978Holding It
0%
TV Show1996Homicide: Life on the Street
0%
Short Film2001Hubert's Brain
0%
Web SeriesTBAHysteria!
0%
Short Film1975I'll Never Heil Again
0%
TV Show2023Impractical Jokers
0%
TV Film1997In the Line of Duty: Blaze of Glory
0%
TV Show2000Jack of All Trades
0%
Short Film1976James Bombed in Here Today... Gun Tomorrow
0%
TV Show2018Lodge 49
0%
Short Film2005Make Love! The Bruce Campbell Way
0%
Short Film1974Manhunt
0%
Documentary Series2022Marvel Studios: Assembled
0%
TV Show2004Megas XLR
0%
Film1997Menno's Mind
0%
Film1992Mindwarp
0%
TV Film1997Missing Links
0%
Film1989Moontrap
0%
Video Game2020Mortal Kombat 11
0%
TV Show2018Movie Trivia Schmoedown
0%
Film2022My Southern Family Christmas
0%
Short Film1976Mystery No Mystery
0%
Short Film1974No Dough Boys
0%
Short Film1972Oedipus Rex
0%
Commercial2007Old Spice
0%
Theater2011Oliver Twist
0%
TV Film2021One December Night
0%
Theater2011Photograph 51
0%
Short Film1977Picnic
0%
TV Show2014Psych
0%
Film1997Running Time
0%
Short Film1978Shemp Eats the Moon
0%
Short Film1973Son of Hitler
0%
Web Series2016Spine Chillers
0%
Short Film1979Spring Cleaning
0%
Web Series2015Stay Filthy, Cali
0%
Short Film1980Stryker's War
0%
Short Film1973Supa' Bad
0%
Video Game2000Tachyon: The Fringe
0%
Documentary Mini-Series2004The 100 Scariest Movie Moments
0%
Theater2016The Bake Off: A Number
0%
Theater2015The Bake Off: The Dining Room
0%
Short Film1980The Blind Waiter
0%
Short Film2016The Dangers of Having a Chainsaw for a Hand
0%
Short Film1977The Happy Valley Kid
0%
Film1998The Ice Rink
0%
Short Film1975The James Hoffa Story
0%
Short Film1976The James R. Hoffa Story, Part II
0%
Short Film2021The Last Kids on Earth: Happy Apocalypse to You
0%
Short Film1974The Singing Nuts
0%
Film1985Thou Shalt Not Kill... Except
0%
Short Film1974Three on a Couch
0%
Video Game2013TOME: Immortal Arena
0%
TV Film1996Tornado!
0%
Short Film1981Torro. Torro. Torro!
0%
TV Film2006Touch the Top of the World
0%
Short Film1976Uncivil War Birds
0%
Commercial1996Virginia State Lottery
0%
TV Show1997Weird Science
0%
Film2009White on Rice
0%
Short Film1979William Shakespeare: The Movie
0%
Short Film1974You Nazi Spy
0%

Score Distribution

Percentile by Number Answered

Percent of People with Each Score

Your Score History

You have not taken this quiz since the last reset